000 00649nam a2200253Ia 4500
001 21765
005 20240114000612.0
007 ta
008 060309s a g b000 u 891 u
040 _aCotton College,Assam
041 _a891
082 _a297
_bAs 36 Z
100 _aBahar, Malikashara .
245 0 _aJindagani Mani /
_cMalikashara Bahar.
_hTextual Documents
250 _a1st ed. /
260 _aDelhi :
_bMutbayi Majlish ,
_cnd.
300 _a50p. :
_bill ;
_c23cm .
653 _aPersian
653 _aG-Persian
653 _aAutobiography of Bahar
942 _2ddc
_cBK
999 _c21747
_d21747